000 00511nam a22001697a 4500
008 150526b xxu||||| |||| 00| 0 eng d
020 _a9780615815398
050 _aRC456.R48 2007
100 _aRipperger, Chad
_917646
245 _aIntroduction to the science of mental health
_cFr. Chad Ripperger
250 _a3rd ed.
260 _bSensus traditional Press
_c2007
300 _ax,808p. ;
_c24cm.
650 _aPsychology
_920
650 _aMental health
_xPhilosophy
_917932
942 _2lcc
_cMONOGRAPH
999 _c122869
_d122869